00366nam a2200145Ia 4500008004100000040001900041041001200060082002400072100001200096245002100108260003300129300002100162650002700183850001000210131103s9999 xx 000 0 und d aLoreto College aEnglish a891.431/BACbLCLIB/ aBachann aHalalalcBachann aDelhibRajpal and Sonsc1960 a115 p. c 19 cm. aHindi Poetry - Bachann aLCLIB